[Event "Washington Class Ch - D Section"]
[Site "Redmond, WA"]
[Date "2009.11.27"]
[Round "2"]
[White "Williams, Antonio"]
[Black "Rogers, Bill"]
[Result "1-0"]
[WhiteElo "1311"]
[BlackElo "1377"]
[PlyCount "115"]
[EventDate "2009.11.29"]
[Source "NWChess.com"]
[SourceDate "2009.12.26"]

1. e4 e5 2. Nf3 Nc6 3. Bb5 Nf6 4. O-O d6 5. Re1 Bd7 6. c3 a6 7. Ba4 b5 8. Bb3
Na5 9. Bc2 Be7 10. d4 Bg4 11. Nbd2 O-O 12. Nf1 exd4 13. cxd4 c6 14. Ne3 Bh5 15.
Bd2 Nb7 16. Rc1 Rc8 17. a4 Re8 18. Nf1 h6 19. Ng3 Bg6 20. Ra1 Qd7 21. Qe2 Bf8
22. Qd1 Bh7 23. axb5 axb5 24. b4 Ra8 25. e5 Bxc2 26. Qxc2 Rxa1 27. Rxa1 dxe5
28. dxe5 Nd5 29. Qb2 g6 30. Ra7 Qc8 31. Ne4 Nd8 32. Qc1 g5 33. Bxg5 Qb8 34. Ra1
hxg5 35. Qxg5+ Bg7 36. Nf6+ Nxf6 37. exf6 Ne6 38. Qg4 Qf4 39. Qxf4 Nxf4 40.
fxg7 Kxg7 41. Nd4 Ne2+ 42. Nxe2 Rxe2 43. Rb1 Rc2 44. g4 f5 45. h3 fxg4 46. hxg4
Kf6 47. Kg2 Kg5 48. Kg3 Rc4 49. f3 Rc3 50. Re1 Rc4 51. Re5+ Kf6 52. Rc5 Rxb4
53. Rxc6+ Kg5 54. Rc5+ Kf6 55. g5+ Kg6 56. f4 Rb1 57. Rc6+ Kh5 58. Rh6# 1-0

[Event "Washington Class Ch - D Section"]
[Site "Redmond, WA"]
[Date "2009.11.29"]
[Round "6"]
[White "Zhu, Bryan"]
[Black "Puri, Ankush"]
[Result "0-1"]
[WhiteElo "1072"]
[BlackElo "1373"]
[PlyCount "88"]
[EventDate "2009.11.29"]
[Source "NWChess.com"]
[SourceDate "2009.12.26"]

1. e4 e5 2. Nf3 Nc6 3. Bb5 a6 4. Ba4 Nf6 5. O-O Be7 6. Re1 d6 7. h3 O-O 8. c3
b5 9. Bb3 Na5 10. Bc2 c5 11. d4 cxd4 12. cxd4 Qc7 13. Nc3 Bb7 14. d5 Rac8 15.
Bg5 b4 16. Re3 Nc4 17. Re2 Nxb2 18. Qc1 Qxc3 19. Rb1 Nd3 20. Qd1 Nf4 21. Rd2 a5
22. Bxf4 exf4 23. Nd4 Nd7 24. Rb3 Qc5 25. Rb2 Ne5 26. Re2 Bf6 27. Rb1 Ba6 28.
Re1 Ng6 29. Nf5 Qxc2 30. Qxc2 Rxc2 31. Nxd6 Rd8 32. Nf5 Nh4 33. Nxh4 Bxh4 34.
f3 Bxe1 35. Rxe1 Rxa2 36. Rc1 b3 37. Rb1 b2 38. Kh1 Ra1 39. Rxa1 bxa1=Q+ 40.
Kh2 Qe1 41. h4 Qxh4+ 42. Kg1 Rc8 43. g4 Rc1+ 44. Kg2 Qg3# 0-1

[Event "Washington Class Ch - D Section"]
[Site "Redmond, WA"]
[Date "2009.11.28"]
[Round "4"]
[White "Zhu, Bryan"]
[Black "Rogers, Bill"]
[Result "1-0"]
[WhiteElo "1072"]
[BlackElo "1377"]
[PlyCount "75"]
[EventDate "2009.11.29"]
[Source "NWChess.com"]
[SourceDate "2009.12.26"]

1. e4 e5 2. Nf3 Nc6 3. Bb5 Nf6 4. O-O d6 5. Re1 Bd7 6. c3 a6 7. Ba4 Be7 8. d4
b5 9. Bb3 Na5 10. Bc2 Bg4 11. h3 Bh5 12. d5 h6 13. Nbd2 O-O 14. b4 Nc4 15. Nf1
Nh7 16. Ng3 Bg6 17. Bb3 Nb6 18. Be3 Ng5 19. Nh2 Rb8 20. Ng4 f5 21. Nxe5 Be8 22.
Nxf5 dxe5 23. d6+ Nc4 24. Bxc4+ bxc4 25. dxe7 Qxd1 26. exf8=Q+ Kxf8 27. Raxd1
Nxe4 28. Rc1 Nd6 29. Nxd6 cxd6 30. Rcd1 Ke7 31. f4 e4 32. Rd4 Bc6 33. Rxc4 Bb7
34. g4 Ke6 35. f5+ Kf6 36. Rd1 d5 37. Bd4+ Kg5 38. Rc7 1-0

[Event "Washington Class Ch - D Section"]
[Site "Redmond, WA"]
[Date "2009.11.27"]
[Round "1"]
[White "Zhu, Bryan"]
[Black "Williams, Antonio"]
[Result "1/2-1/2"]
[WhiteElo "1072"]
[BlackElo "1311"]
[PlyCount "92"]
[EventDate "2009.11.29"]
[Source "NWChess.com"]
[SourceDate "2009.12.26"]

1. e4 c5 2. Nf3 d6 3. Bb5+ Bd7 4. Bxd7+ Nxd7 5. O-O Ngf6 6. Re1 e6 7. c3 Be7 8.
d4 cxd4 9. cxd4 O-O 10. Nc3 a6 11. Bg5 Nb6 12. Rc1 Rc8 13. Qd3 Nfd7 14. Bf4 Re8
15. b4 Nc4 16. Rc2 b5 17. a4 Qb6 18. a5 Qb7 19. Rb1 Nb8 20. Nd2 Qc7 21. Rbc1
Qc6 22. Nxc4 Qxc4 23. Qxc4 Rxc4 24. Rd2 Nc6 25. d5 Nxb4 26. dxe6 Rd8 27. exf7+
Kxf7 28. h3 Nc6 29. Ra2 Rc8 30. f3 Ne5 31. Ne2 Nd3 32. Rxc4 Rxc4 33. Rd2 Nxf4
34. Nxf4 b4 35. Rb2 Bd8 36. Ra2 Rc5 37. Nd3 Rxa5 38. Nxb4 Rxa2 39. Nxa2 Bb6+
40. Kf1 Ke6 41. Ke2 h5 42. Kd3 Ke5 43. Nc3 g5 44. Nd5 Bd8 45. Kc4 g4 46. hxg4
hxg4 1/2-1/2

[Event "Washington Class Ch - E Section"]
[Site "Redmond, WA"]
[Date "2009.11.29"]
[Round "5"]
[White "Ascheman, Trey"]
[Black "Hwa, Howard"]
[Result "0-1"]
[WhiteElo "940"]
[BlackElo "818"]
[PlyCount "56"]
[EventDate "2009.11.29"]
[Source "NWChess.com"]
[SourceDate "2009.12.26"]

1. e4 d6 2. Nf3 Nf6 3. Nc3 Bg4 4. h3 Bxf3 5. Qxf3 g6 6. Bc4 Bg7 7. d4 Nbd7 8.
e5 dxe5 9. dxe5 Nxe5 10. Qxb7 O-O 11. Bb5 Qc8 12. Qxc8 Rfxc8 13. Bf4 a6 14.
Bxa6 Rxa6 15. Bxe5 Re6 16. f4 Nd7 17. O-O-O Nxe5 18. fxe5 c6 19. a4 Rxe5 20. b4
Rg5 21. g4 Bxc3 22. a5 Bxb4 23. a6 Ra8 24. h4 Rxg4 25. Rd7 Rxa6 26. Rd8+ Kg7
27. Kd1 Ra1+ 28. Ke2 Rxh1 0-1

[Event "Washington Class Ch - E Section"]
[Site "Redmond, WA"]
[Date "2009.11.28"]
[Round "4"]
[White "Ascheman, Trey"]
[Black "Setiadikurnia, Sloan"]
[Result "0-1"]
[WhiteElo "940"]
[BlackElo "692"]
[PlyCount "58"]
[EventDate "2009.11.29"]
[Source "NWChess.com"]
[SourceDate "2009.12.26"]

1. e4 c6 2. Nf3 d5 3. d3 dxe4 4. dxe4 Qxd1+ 5. Kxd1 Bg4 6. Nc3 Nd7 7. Ke1 e5 8.
Bc4 b5 9. Bb3 h6 10. Be3 Ngf6 11. h3 Bxf3 12. gxf3 Bc5 13. Rg1 O-O 14. Bxh6 Nh5
15. Rg6 Ndf6 16. Ne2 Kh7 17. Rg5 Kxh6 18. Rxe5 Bd6 19. Rf5 g6 20. Rxf6 Nxf6 21.
f4 Nxe4 22. Nd4 Rac8 23. a4 Bc5 24. c3 Bxd4 25. cxd4 Rfe8 26. axb5 Nc5+ 27. Kd1
Nxb3 28. Rxa7 cxb5 29. Rxf7 Rc1# 0-1

[Event "Washington Class Ch - E Section"]
[Site "Redmond, WA"]
[Date "2009.11.28"]
[Round "2"]
[White "Ascheman, Trey"]
[Black "Soetedjo, James"]
[Result "0-1"]
[WhiteElo "940"]
[BlackElo "756"]
[PlyCount "62"]
[EventDate "2009.11.29"]
[Source "NWChess.com"]
[SourceDate "2009.12.26"]

1. e4 e5 2. Nf3 Nc6 3. Nc3 Bc5 4. Bc4 Nf6 5. d3 d6 6. Bg5 h6 7. Bxf6 Qxf6 8.
Nd5 Qd8 9. Qd2 O-O 10. O-O-O Bg4 11. Rhg1 Bxf3 12. gxf3 Kh8 13. Rg2 Ne7 14.
Rdg1 Ng6 15. f4 Rg8 16. d4 Bxd4 17. fxe5 Bxe5 18. Ne3 Bf4 19. Bxf7 Bxe3 20.
Qxe3 Nh4 21. Rg4 Qe7 22. Bxg8 Rxg8 23. Qxa7 Nf3 24. R1g2 Ne5 25. R4g3 b6 26.
Rc3 Qf7 27. Rxc7 Qf4+ 28. Kb1 Qf3 29. Rg1 Qxf2 30. Rcxg7 Qxg1+ 31. Rxg1 Rxg1#
0-1

[Event "Washington Class Ch - E Section"]
[Site "Redmond, WA"]
[Date "2009.11.28"]
[Round "4"]
[White "Bharath, Ritvik"]
[Black "Haining, Breck"]
[Result "0-1"]
[WhiteElo "776"]
[BlackElo "994"]
[PlyCount "54"]
[EventDate "2009.11.29"]
[Source "NWChess.com"]
[SourceDate "2009.12.26"]

1. e4 e5 2. Nf3 Nc6 3. d4 exd4 4. Bc4 Qe7 5. O-O h6 6. c3 d6 7. cxd4 Bg4 8. h3
Bxf3 9. Qxf3 Nxd4 10. Qd3 c5 11. Nc3 Nf6 12. Re1 Nd7 13. Nd5 Qd8 14. b4 Ne5 15.
bxc5 Nxd3 16. Bxd3 dxc5 17. Rb1 b6 18. Bf4 Bd6 19. e5 Be7 20. Be4 O-O 21. Nxe7+
Qxe7 22. Bxa8 Rxa8 23. Rbd1 Rd8 24. Rd2 Ne6 25. Rxd8+ Qxd8 26. Bh2 Qd2 27. Ra1
c4 0-1

[Event "Washington Class Ch - E Section"]
[Site "Redmond, WA"]
[Date "2009.11.29"]
[Round "6"]
[White "Birnbach, Zamir"]
[Black "Haining, Breck"]
[Result "1/2-1/2"]
[WhiteElo "1073"]
[BlackElo "994"]
[PlyCount "90"]
[EventDate "2009.11.29"]
[Source "NWChess.com"]
[SourceDate "2009.12.26"]

1. e4 e5 2. Nf3 Nc6 3. Bc4 h6 4. d4 d6 5. dxe5 dxe5 6. Qxd8+ Kxd8 7. Bxf7 Nf6
8. Bd5 Nxd5 9. exd5 Nb4 10. Na3 Bd6 11. O-O Nxd5 12. Nc4 Bf5 13. Nfxe5 Be6 14.
Nxd6 cxd6 15. Ng6 Re8 16. f4 Bf5 17. Rd1 Bxg6 18. Rxd5 Kd7 19. f5 Bf7 20. Rd4
Re1+ 21. Kf2 Rae8 22. Rd2 Bh5 23. c4 R1e2+ 24. Rxe2 Bxe2 25. b3 h5 26. Bb2 Bg4
27. Bxg7 Bxf5 28. Rd1 Kc6 29. Rd5 Bb1 30. a3 Ba2 31. Rxh5 Bxb3 32. Rh3 Bxc4 33.
Re3 Be6 34. h4 Kd7 35. h5 Bg8 36. Rh3 Re4 37. h6 Bh7 38. Kf3 d5 39. g4 d4 40.
g5 Re3+ 41. Kg2 Be4+ 42. Kh2 Rxh3+ 43. Kxh3 d3 44. Bc3 Ke6 45. Kg4 Bg6 1/2-1/2

[Event "Washington Class Ch - E Section"]
[Site "Redmond, WA"]
[Date "2009.11.29"]
[Round "5"]
[White "Dennison, John"]
[Black "Thatcher, Sean"]
[Result "1-0"]
[WhiteElo "1193"]
[BlackElo "1069"]
[PlyCount "51"]
[EventDate "2009.11.29"]
[Source "NWChess.com"]
[SourceDate "2009.12.26"]

1. e4 c5 2. Nf3 Nc6 3. c3 d5 4. e5 d4 5. Bb5 Qd5 6. Bxc6+ bxc6 7. O-O d3 8. Qb3
c4 9. Qa4 e6 10. b3 cxb3 11. axb3 Bc5 12. Ba3 Bb6 13. c4 Qd7 14. Nc3 Ne7 15.
Bxe7 Kxe7 16. Qa3+ c5 17. Ne4 Qc6 18. b4 Qxe4 19. bxc5 Qxc4 20. cxb6+ Kd8 21.
Qd6+ Ke8 22. Rfc1 Qd5 23. Rxa7 Qxd6 24. exd6 Rb8 25. Rxc8+ Rxc8 26. d7+ 1-0

[Event "Washington Class Ch - E Section"]
[Site "Redmond, WA"]
[Date "2009.11.28"]
[Round "2"]
[White "Dixon, Max"]
[Black "Evans, Jacob"]
[Result "1-0"]
[WhiteElo "812"]
[BlackElo "645"]
[PlyCount "73"]
[EventDate "2009.11.29"]
[Source "NWChess.com"]
[SourceDate "2009.12.26"]

1. e4 c5 2. b4 e5 3. Bb2 d6 4. Bc4 Nf6 5. d3 g6 6. Nf3 Bg7 7. O-O O-O 8. bxc5
b6 9. cxd6 Qxd6 10. Bxe5 Qb4 11. Bxf6 Bxf6 12. e5 Bxe5 13. Nxe5 Qb2 14. Qf3
Qxa1 15. Nxf7 Kg7 16. Qxa8 Rxf7 17. Bxf7 Kxf7 18. Qxb8 Bg4 19. Qxa7+ Kg8 20.
Qxb6 Qe5 21. h3 Bf5 22. a4 Bd7 23. Qd8+ Be8 24. a5 Kf7 25. a6 Bc6 26. a7 Qd5
27. Qxd5+ Bxd5 28. Re1 h5 29. c4 Ba8 30. d4 Kf6 31. d5 Kg5 32. d6 Kh4 33. g3+
Kxh3 34. d7 g5 35. d8=Q h4 36. Qxg5 hxg3 37. Qxg3# 1-0

[Event "Washington Class Ch - E Section"]
[Site "Redmond, WA"]
[Date "2009.11.29"]
[Round "5"]
[White "Dixon, Max"]
[Black "Soetedjo, James"]
[Result "0-1"]
[WhiteElo "812"]
[BlackElo "756"]
[PlyCount "107"]
[EventDate "2009.11.29"]
[Source "NWChess.com"]
[SourceDate "2009.12.26"]

1. e4 e5 2. Nf3 Nc6 3. Bc4 Be7 4. O-O Nf6 5. Nc3 d6 6. h3 h6 7. Bb5 O-O 8. d3
Be6 9. Be3 a6 10. Ba4 d5 11. exd5 Nxd5 12. Nxd5 Qxd5 13. Bb3 Qd6 14. c4 Nd4 15.
c5 Nxf3+ 16. Qxf3 Qxd3 17. Rad1 Qf5 18. Qg3 Bxb3 19. axb3 Qg6 20. Qxe5 Bf6 21.
Qxc7 Bxb2 22. Qxb7 Rfb8 23. Qd5 Qe6 24. Qf3 Qxb3 25. c6 Rc8 26. c7 Be5 27. Qxa8
Rxa8 28. Rd8+ Kh7 29. c8=Q Rxc8 30. Rxc8 Qb7 31. Rc5 Bd6 32. Rf5 Qd7 33. Ra5
Qe7 34. Rxa6 Qe5 35. f4 Qxe3+ 36. Kh1 Bxf4 37. Ra4 g5 38. Rfa1 Qg3 39. Kg1 Be3+
40. Kh1 Bf4 41. Kg1 Qe3+ 42. Kh1 h5 43. R4a3 Qe5 44. Ra5 Qg7 45. Ra7 Be3 46.
Re7 Qxa1+ 47. Kh2 Bf4+ 48. g3 Qb2+ 49. Kg1 Bxg3 50. Rxf7+ Kg6 51. Rf3 Qh2+ 52.
Kf1 Qxh3+ 53. Ke2 Qg2+ 54. Ke3 0-1

[Event "Washington Class Ch - E Section"]
[Site "Redmond, WA"]
[Date "2009.11.28"]
[Round "3"]
[White "Evans, Jacob"]
[Black "Ascheman, Trey"]
[Result "1-0"]
[WhiteElo "645"]
[BlackElo "940"]
[PlyCount "99"]
[EventDate "2009.11.29"]
[Source "NWChess.com"]
[SourceDate "2009.12.26"]

1. e4 e5 2. Nf3 Nc6 3. Bb5 Nf6 4. d3 a6 5. Ba4 b5 6. Bb3 d6 7. Nc3 Bg4 8. h3
Bxf3 9. Qxf3 Nd4 10. Qg3 a5 11. Bg5 a4 12. Bd5 Ra6 13. O-O b4 14. Bc4 bxc3 15.
Qh4 Rb6 16. bxc3 Ne2+ 17. Kh2 Nxc3 18. f4 h6 19. fxe5 dxe5 20. Bxf6 gxf6 21. d4
exd4 22. e5 Bg7 23. Rae1 Nd5 24. exf6+ Kf8 25. fxg7+ Kxg7 26. Qxd4+ Kg8 27.
Bxd5 Rd6 28. Bxf7+ Kh7 29. Qe4+ Kg7 30. Qg4+ Kh7 31. Rd1 Qf8 32. Rxd6 Qxd6+ 33.
Qg3 Qxg3+ 34. Kxg3 Rb8 35. Kg4 Rb2 36. Rf2 Rb1 37. Kf5 Rb5+ 38. Kf6 Rb6+ 39.
Ke7 Kg7 40. Kd7 Rb7 41. Bd5 c6+ 42. Kxc6 Re7 43. Rf7+ Rxf7 44. Bxf7 Kxf7 45. c4
h5 46. c5 h4 47. Kd7 Kf6 48. c6 Kf5 49. c7 Kf4 50. c8=Q 1-0

[Event "Washington Class Ch - E Section"]
[Site "Redmond, WA"]
[Date "2009.11.28"]
[Round "1"]
[White "Evans, Jacob"]
[Black "Birnbach, Zamir"]
[Result "0-1"]
[WhiteElo "645"]
[BlackElo "1073"]
[PlyCount "66"]
[EventDate "2009.11.29"]
[Source "NWChess.com"]
[SourceDate "2009.12.26"]

1. e4 c5 2. Nf3 Nc6 3. d4 cxd4 4. Nxd4 g6 5. Bc4 Bg7 6. Nxc6 bxc6 7. O-O d6 8.
Nc3 Nf6 9. Bg5 O-O 10. f4 Ng4 11. Qd3 Qb6+ 12. Kh1 Nf2+ 13. Rxf2 Qxf2 14. Rf1
Qd4 15. Qxd4 Bxd4 16. e5 d5 17. Rd1 Bxc3 18. Be2 Bb4 19. c3 f6 20. Bh6 Rd8 21.
cxb4 d4 22. Bf3 Rb8 23. f5 Rxb4 24. Bd2 Rxb2 25. Ba5 Rf8 26. Bxc6 fxe5 27. Bc7
Rc2 28. Bd5+ Kg7 29. Bxe5+ Kh6 30. Bf4+ g5 31. Be5 Rxf5 32. Be4 Rd2 33. Rxd2
Rf1# 0-1

[Event "Washington Class Ch - E Section"]
[Site "Redmond, WA"]
[Date "2009.11.29"]
[Round "5"]
[White "Evans, Jacob"]
[Black "Schuhmacher, Don"]
[Result "1-0"]
[WhiteElo "645"]
[BlackElo "925"]
[PlyCount "45"]
[EventDate "2009.11.29"]
[Source "NWChess.com"]
[SourceDate "2009.12.26"]

1. e4 e6 2. d4 d5 3. Nc3 dxe4 4. Nxe4 Be7 5. Nf3 Nd7 6. Bc4 Ngf6 7. Nc3 O-O 8.
O-O c5 9. Qd3 b6 10. Bf4 Bb7 11. Ng5 g6 12. Rfe1 Nd5 13. Nh3 Nxf4 14. Nxf4 Bd6
{Diagram #} 15. Nxe6 fxe6 16. Rxe6 Nf6 17. Rxd6+ Kg7 18. Rxd8 Raxd8 19. d5 Bc8
20. f4 Bf5 21. Qg3 Nh5 22. Qg5 h6 23. Qe7+ 1-0

[Event "Washington Class Ch - E Section"]
[Site "Redmond, WA"]
[Date "2009.11.28"]
[Round "3"]
[White "Haining, Breck"]
[Black "Dixon, Max"]
[Result "1-0"]
[WhiteElo "994"]
[BlackElo "812"]
[PlyCount "77"]
[EventDate "2009.11.29"]
[Source "NWChess.com"]
[SourceDate "2009.12.26"]

1. e4 e5 2. Nf3 Nc6 3. Nc3 Nf6 4. d4 exd4 5. Nxd4 Ne5 6. h3 Bc5 7. Bf4 Bxd4 8.
Qxd4 Nc6 9. Qd2 h6 10. Bd3 O-O 11. Nd5 d6 12. O-O-O Be6 13. a3 a6 14. Nc3 Nd4
15. g3 Bb3 16. Qe3 Nxc2 17. Bxc2 Bxc2 18. Kxc2 Re8 19. Qf3 b5 20. Nd5 c6 21.
Nxf6+ Qxf6 22. Rxd6 Qg6 23. Rxg6 fxg6 24. Re1 Rf8 25. e5 g5 26. Qb3+ Rf7 27. e6
Re7 28. Bd6 Ree8 29. f4 gxf4 30. Bxf4 a5 31. e7+ Kh8 32. Bxh6 gxh6 33. Qc3+ Kg8
34. Re6 Kf7 35. Qf6+ Kg8 36. Qg6+ Kh8 37. Qxh6+ Kg8 38. Rg6+ Kf7 39. Qg7# 1-0

[Event "Washington Class Ch - E Section"]
[Site "Redmond, WA"]
[Date "2009.11.29"]
[Round "5"]
[White "Haining, Breck"]
[Black "Mies, JC."]
[Result "0-1"]
[WhiteElo "994"]
[BlackElo "1085"]
[PlyCount "157"]
[EventDate "2009.11.29"]
[Source "NWChess.com"]
[SourceDate "2009.12.26"]

1. e4 c6 2. d4 d5 3. e5 Bf5 4. Nf3 e6 5. Bd2 c5 6. Bc3 Nc6 7. Bb5 Be7 8. Nbd2
c4 9. b3 a6 10. Bxc6+ bxc6 11. bxc4 dxc4 12. Nxc4 Nh6 13. Ne3 Bg6 14. O-O O-O
15. Qd2 Qc7 16. Bb4 c5 17. Bxc5 Bxc5 18. dxc5 Qxc5 19. c3 Rfd8 20. Qc1 Rac8 21.
c4 Bd3 22. Rd1 Be2 23. Rxd8+ Rxd8 24. Ne1 Qxe5 25. Rb1 Ng4 26. Nxg4 Bxg4 27.
Qe3 Qxe3 28. fxe3 Rc8 29. Rc1 e5 30. Kf2 Be6 31. a3 Rxc4 32. Rxc4 Bxc4 33. e4
f6 34. Ke3 Kf7 35. Nc2 Ke6 36. g4 g6 37. Kd2 f5 38. Ne3 Bb5 39. gxf5+ gxf5 40.
Nxf5 Kf6 41. h4 Bd7 42. Ng3 Bg4 43. Kc3 Ke6 44. Kb4 Kd6 45. Ka5 Kc5 46. Kxa6
Bc8+ 47. Ka5 Bb7 48. h5 h6 49. Nf5 Bxe4 50. Nxh6 Bh7 (50... Bf3 $1 $11) 51. Ng4
e4 52. h6 Bg6 53. a4 Bh7 54. Ka6 Kc6 55. a5 Bf5 56. Ne3 Bh7 57. Ka7 Kc7 58. a6
Bg6 59. Nd5+ Kd6 60. Kb8 Kxd5 61. a7 e3 62. a8=Q+ Kc4 63. Qc6+ Kd4 64. Qxg6 e2
65. Qg4+ Kd3 66. Qxe2+ Kxe2 67. h7 Ke3 68. h8=Q Ke4 69. Qh5 Kd4 70. Qf5 Ke3 71.
Kc7 Kd4 72. Kc6 Ke3 73. Kd5 Kd2 74. Qf3 Kc2 75. Kd4 Kd2 76. Qc3+ Kd1 77. Qb2
Ke1 78. Ke3 Kf1 79. Qf2# 0-1

[Event "Washington Class Ch - E Section"]
[Site "Redmond, WA"]
[Date "2009.11.28"]
[Round "1"]
[White "Higgins, Morgan"]
[Black "Dixon, Max"]
[Result "1-0"]
[WhiteElo "1111"]
[BlackElo "812"]
[PlyCount "70"]
[EventDate "2009.11.29"]
[Source "NWChess.com"]
[SourceDate "2009.12.26"]

1. d4 Nf6 2. c4 e5 3. dxe5 Ng4 4. e3 Nxe5 5. Bd2 Bc5 6. Bc3 d6 7. Nd2 O-O 8.
Nb3 Bb6 9. c5 dxc5 10. Qxd8 Rxd8 11. Bxe5 Nc6 12. Bc3 Bf5 13. Bb5 Ne7 14. Ne2
Be6 15. Nd2 a6 16. Ba4 Ba7 17. Bb3 Bxb3 18. Nxb3 c4 19. Nd2 a5 20. Nxc4 Nc6 21.
O-O b5 22. Nxa5 Nxa5 23. Bxa5 Bxe3 24. Bxc7 Rdc8 25. Bf4 Bxf4 26. Nxf4 h6 27.
Nd5 Rd8 28. Nc3 b4 29. Ne4 Ra4 30. Ng3 Rd2 31. Rfe1 Rxb2 32. Re2 Rxe2 33. Nxe2
b3 34. Nc3 b2 35. Rb1 Rc4 {remaining moves not recorded} 1-0

[Event "Washington Class Ch - E Section"]
[Site "Redmond, WA"]
[Date "2009.11.28"]
[Round "4"]
[White "Higgins, Morgan"]
[Black "Tang, Richard"]
[Result "1-0"]
[WhiteElo "1111"]
[BlackElo "859"]
[PlyCount "74"]
[EventDate "2009.11.29"]
[Source "NWChess.com"]
[SourceDate "2009.12.26"]

1. d4 d5 2. c4 e6 3. cxd5 exd5 4. Nf3 h6 5. Nc3 c6 6. Bf4 Bf5 7. a3 Nf6 8. e3
Be7 9. Bd3 Bxd3 10. Qxd3 O-O 11. O-O Nbd7 12. Rfe1 Re8 13. Rab1 a5 14. e4 dxe4
15. Nxe4 Nxe4 16. Rxe4 Nf6 17. Ree1 Qd7 18. Ne5 Qd8 19. Qb3 Qd5 20. Qxd5 Nxd5
21. Bg3 Bd6 22. Nc4 Rxe1+ 23. Rxe1 Bxg3 24. hxg3 b5 25. Ne5 Re8 26. Kf1 Re6 27.
Rc1 Ne7 28. Rc3 f6 29. Nf3 Rd6 30. Ke2 a4 31. Kd3 Nd5 32. Rc5 Nb6 33. Nh4 Nc4
34. Kc3 Na5 35. Nf5 Re6 36. Kb4 Re2 37. Kxa5 Rxf2 {remaining moves not recorded
} 1-0

[Event "Washington Class Ch - E Section"]
[Site "Redmond, WA"]
[Date "2009.11.28"]
[Round "2"]
[White "Humphrey, David"]
[Black "Quan, Michael"]
[Result "0-1"]
[WhiteElo "1181"]
[BlackElo "1012"]
[PlyCount "88"]
[EventDate "2009.11.29"]
[Source "NWChess.com"]
[SourceDate "2009.12.26"]

1. e4 e5 2. Nf3 Nf6 3. d3 Nc6 4. g3 Bc5 5. Bg2 d6 6. O-O Bg4 7. Nbd2 O-O 8. b3
Qd7 9. Bb2 Bh3 10. c3 Bxg2 11. Kxg2 Rfe8 12. Qc2 Qg4 13. Rae1 Ne7 14. Ng1 Ng6
15. d4 exd4 16. cxd4 Bb6 17. h3 Qd7 18. Ndf3 Ba5 19. Re3 Qe7 20. e5 dxe5 21.
dxe5 Nd5 22. Re4 Rad8 23. Nd2 $2 {Diagram #} Bxd2 $1 24. Rd1 (24. Qxd2 Ndf4+)
24... Ba5 25. Red4 Qg5 26. Rxd5 Rxd5 27. Rxd5 Nf4+ 28. Kh2 Nxd5 29. Qc5 Qd2 30.
Bd4 c6 31. Qxa7 b6 32. Qd7 Rf8 33. Qg4 c5 34. Nf3 Qxa2 35. e6 cxd4 36. exf7+
Kh8 37. Qxd4 Qxb3 38. Ng5 h6 39. Ne6 Rxf7 40. Nxg7 Rxg7 41. Qe5 Bc3 42. Qe8+
Rg8 43. Qe6 Bg7 44. g4 Qf3 0-1

[Event "Washington Class Ch - E Section"]
[Site "Redmond, WA"]
[Date "2009.11.29"]
[Round "5"]
[White "Humphrey, David"]
[Black "Thatcher, Andrew"]
[Result "1-0"]
[WhiteElo "1181"]
[BlackElo "824"]
[PlyCount "75"]
[EventDate "2009.11.29"]
[Source "NWChess.com"]
[SourceDate "2009.12.26"]

1. e4 c5 2. Nf3 d6 3. b3 Nf6 4. Nc3 g6 5. Bb2 e6 6. Rb1 Bg7 7. Bb5+ Bd7 8. O-O
Bxb5 9. Nxb5 O-O 10. Re1 e5 11. c3 a6 12. Na3 Nc6 13. Nc2 b5 14. d4 cxd4 15.
cxd4 Nh5 16. Ne3 Bh6 17. Ng4 Bg7 18. dxe5 f5 19. exf6 Nxf6 20. Nxf6+ Bxf6 21.
Qd5+ Rf7 22. Qxc6 Qf8 23. Bxf6 Rxf6 24. Qd5+ Kg7 25. Rb2 Re8 26. Rbe2 Rxf3 27.
gxf3 Qxf3 28. Qxd6 Rf8 29. Qg3 Qxg3+ 30. hxg3 Kf6 31. f4 g5 32. e5+ Kg6 33.
fxg5 Kxg5 34. e6 Kf6 35. Rf1+ Ke7 36. Rxf8 Kxf8 37. e7+ Ke8 38. Kf2 1-0

[Event "Washington Class Ch - E Section"]
[Site "Redmond, WA"]
[Date "2009.11.29"]
[Round "6"]
[White "Mies, JC."]
[Black "Evans, Jacob"]
[Result "0-1"]
[WhiteElo "1085"]
[BlackElo "645"]
[PlyCount "70"]
[EventDate "2009.11.29"]
[Source "NWChess.com"]
[SourceDate "2009.12.26"]

1. e4 c5 2. Nf3 Nc6 3. Bb5 Nf6 4. e5 a6 5. Bxc6 bxc6 6. exf6 exf6 7. O-O d5 8.
Qe2+ Be7 9. b3 O-O 10. c4 d4 11. d3 Re8 12. Qc2 f5 13. Bf4 g5 14. Be5 f6 15.
Bg3 f4 16. Bxf4 gxf4 17. Qd2 Bd6 18. Re1 a5 19. Qd1 Kh8 20. Nbd2 Rg8 21. Ne4
Bh3 22. g3 f5 23. Nxd6 Qxd6 24. Ne5 Ra7 25. Qf3 Qh6 26. Nxc6 Bg4 27. Qd5 f3 28.
h4 Rag7 29. Ne5 f4 30. Kh1 fxg3 31. fxg3 Qd2 32. Nxf3 Bxf3+ 33. Qxf3 Rxg3 34.
Qf6+ R3g7 35. Rad1 Qg2# 0-1

[Event "Washington Class Ch - E Section"]
[Site "Redmond, WA"]
[Date "2009.11.28"]
[Round "4"]
[White "Quan, Michael"]
[Black "Thatcher, Sean"]
[Result "1-0"]
[WhiteElo "1012"]
[BlackElo "1069"]
[PlyCount "77"]
[EventDate "2009.11.29"]
[Source "NWChess.com"]
[SourceDate "2009.12.26"]

1. e4 c5 2. c3 e5 3. Bc4 Nf6 4. d3 d5 5. exd5 Nxd5 6. Nf3 f6 7. Nbd2 Nf4 8. O-O
Nxd3 9. Ne4 Nxc1 10. Qxd8+ Kxd8 11. Raxc1 Kc7 12. Bd5 a5 13. Nfd2 f5 14. Ng3
Ra6 15. Bc4 Rd6 16. Nf3 Be7 17. Nxe5 Rf8 18. Nh5 g5 19. f4 gxf4 20. Rce1 b6 21.
Nf7 Kd7 22. Bb5+ Nc6 23. Bxc6+ Rxc6 24. Ne5+ Kc7 25. Nxc6 Bd6 26. Ne5 Ba6 27.
Rf3 Re8 28. Nd3 Rg8 29. Nhxf4 c4 30. Nf2 Kc6 31. Ne2 Re8 32. Nd4+ Kd7 33. Rxe8
Kxe8 34. Nxf5 Bc5 35. Kf1 Bb7 36. Rh3 Bc8 37. g4 Kf7 38. Ne4 Kg6 39. Rh6+ 1-0

[Event "Washington Class Ch - E Section"]
[Site "Redmond, WA"]
[Date "2009.11.27"]
[Round "1"]
[White "Schuhmacher, Don"]
[Black "Humphrey, David"]
[Result "0-1"]
[WhiteElo "925"]
[BlackElo "1181"]
[PlyCount "148"]
[EventDate "2009.11.29"]
[Source "NWChess.com"]
[SourceDate "2009.12.26"]

1. Nf3 c5 2. g3 Nf6 3. Bg2 g6 4. O-O Bg7 5. d3 Nc6 6. Nbd2 O-O 7. e4 d6 8. a4
Qc7 9. Nc4 b6 10. b3 Be6 11. Bb2 Bxc4 12. bxc4 Rad8 13. Ra2 e6 14. Qb1 d5 15.
Nd2 d4 16. Nb3 a5 17. Ba3 Nd7 18. Bc1 Nde5 19. Bf4 Qe7 20. Rb2 Nb4 21. Bd2 Qd7
22. Bxb4 axb4 23. a5 bxa5 24. Nxc5 Qc7 25. Nb3 Nc6 26. Ra2 e5 27. Qa1 Ra8 28.
Ra4 Bh6 29. Rb1 Ra7 30. Rb2 Rd8 31. Rba2 Rda8 32. Bf3 Bg5 33. Bg4 Bd8 34. Qf1
Qe7 35. Kg2 h5 36. Be2 h4 37. Qh1 Qf6 38. Ra1 Qh8 39. Nd2 f6 40. Bg4 Rh7 41.
Be6+ Kf8 42. g4 Ra6 43. h3 Qg7 44. Nb3 Qa7 45. Bd5 Rc7 46. Qc1 g5 47. R1a2 Qb6
48. c5 Qa7 49. Bc4 Rb7 50. Bxa6 Qxa6 51. Qa1 Ra7 52. Kf3 Kg7 53. Ke2 Qb5 54.
Kd2 Bc7 55. Rb2 Qa6 56. Nc1 Qc8 57. Ne2 Qf8 58. Qa2 Qxc5 59. Qd5 Qxd5 60. exd5
Ne7 61. Nc1 Nxd5 62. Nb3 Kf7 63. Nc5 Ke7 64. Ne4 Bb6 65. Rb3 Nf4 66. f3 Nxh3
67. Ra1 Nf4 68. c3 dxc3+ 69. Nxc3 Bd4 70. Nb5 Bxa1 71. Nxa7 Bc3+ 72. Ke3 a4 73.
Rb1 b3 74. Rc1 b2 0-1